Dřevařský průmysl v ČR : současný a budoucí vývoj průmyslu založeného na bázi dřeva : sborník odborných příspěvků z celostátního semináře : 1. listopadu 2007, Brno

Korporativní autor: Mendelova zemědělská a lesnická univerzita. Ústav základního zpracování dřeva
Další autoři: Dřevařský průmysl v ČR - současný a budoucí vývoj průmyslu založeného na bázi dřeva (seminář)
Jazyk: Slovenština
Čeština
Vydáno: V Brně : Mendelova zemědělská a lesnická univerzita, 2007
Vydání: Vyd. 1.
Témata:
Fyzický popis: 175 s. : il. ; 21 cm
Language note: Část. slovenský text
Knihy
Uloženo v:
LEADER 01923nam a2200445 a 4500
001 nkc20071779819
003 CZ PrNK
005 20220530102441.0
007 ta
008 071120s2007 xr a f 100 0 cze
015 |a cnb001779819 
020 |a 978-80-7375-098-5  |q (brož.) 
035 |a (OCoLC)228500533 
040 |a BOA001  |b cze 
041 0 |a cze  |a slo 
043 |a e-xr--- 
072 7 |a 674  |x Dřevo. Dřevařský průmysl  |2 Konspekt  |9 19 
080 |a 674  |2 MRF 
080 |a (437.3)  |2 MRF 
080 |a (062.534)  |2 MRF 
111 2 |a Dřevařský průmysl v ČR - současný a budoucí vývoj průmyslu založeného na bázi dřeva (seminář)  |d (2007 :  |c Brno, Česko)  |7 mzk2007412363 
245 1 0 |a Dřevařský průmysl v ČR :  |b současný a budoucí vývoj průmyslu založeného na bázi dřeva : sborník odborných příspěvků z celostátního semináře : 1. listopadu 2007, Brno 
246 3 0 |a Současný a budoucí vývoj průmyslu založeného na bázi dřeva 
250 |a Vyd. 1. 
260 |a V Brně :  |b Mendelova zemědělská a lesnická univerzita,  |c 2007 
300 |a 175 s. :  |b il. ;  |c 21 cm 
500 |a Nad názvem: Mendelova zemědělská a lesnická univerzita, Lesnická a dřevařská fakulta, Ústav základního zpracování dřeva 
500 |a 80 výt. 
504 |a Obsahuje bibliografie 
546 |a Část. slovenský text 
650 0 7 |a dřevozpracující průmysl  |7 ph114408  |z Česko  |2 czenas 
650 0 9 |a woodworking industry  |z Czechia  |2 eczenas 
655 7 |a sborníky konferencí  |7 fd133333  |2 czenas 
655 9 |a proceedings of conferences  |2 eczenas 
710 2 |a Mendelova zemědělská a lesnická univerzita.  |b Ústav základního zpracování dřeva  |7 mzk2004248856 
910 2 |a BOA001  |b 2-1195.072 
990 |a BK 
995 |a 01 
991 |b 200712  |c NOV 
996 6 |b 2610326614  |c 2-1195.072  |l MZK  |r Sklad / do 1 hodiny  |n 0  |p p.v.  |w 000876575  |u 000010  |a 1  |e BOA001  |j MZK50  |s P